000 00441cam a2200181ua 4500
020 _c2.00
041 _aeng
_h
082 _a320.1
_bDAH/MO
100 _aDahl, Robert.A .
245 _aModern political analysis /
_cA.Robert Dahl.
_hTextual Documents
250 _a1 /
_b.
260 _a :
_bPrentice Hall of India Pvt Ltd. ,
_c1963.
300 _a118 ; .
365 _a2.00
504 _a
942 _cBK
999 _c2246
_d2246